000 00871nam0a22002891 4500
001 rc\256480
005 20250621023707.0
010 _a5-200-00167-6
_920000
035 _a(NLR Aleph) 005528085
090 _a5579825
_c5579825
100 _a20030307d1990 |||y0rusy50 ca
101 0 _arus
_afin
102 _aRU
105 _ay |||||||||
200 1 _aРусско-финский учебный словарь
_e12500 слов
205 _a3-е изд., испр.
210 _aМ.
_cРус. яз.
_d1990
215 _a533, [2] с.
_d21
300 _aНа пер. авт. не указаны
320 _aБиблиогр.: с. 7-8
700 1 _aМустайоки
_bА.
_gАрто
701 1 _aНиккиля
_bЕ.
_f1948-
_gЕкатерина
801 0 _aRU
_bNLR
_gpsbo
801 1 _aRU
_bELAR
_2rusmarc
852 _aNLR
_bС
_jК-2/4966
942 _cBOOK
980 _aNB